[Event "BRA-ch sf"]
[Site "Vitoria"]
[Date "2003.09.07"]
[Round "7"]
[White "Barbosa, Hugo Costa"]
[Black "Torrezani, Eduardo de Moraes"]
[Result "1-0"]
[WhiteElo "1943"]
[BlackElo "1857"]
[PlyCount "53"]
[EventDate "2003.09.??"]
[EventType "swiss"]
[EventRounds "7"]
[EventCountry "BRA"]
[SourceTitle "EXT 2006"]
[Source "ChessBase"]
[SourceDate "2005.11.24"]
[SourceVersion "1"]
[SourceVersionDate "2005.11.24"]
[SourceQuality "1"]

1. Nf3 Nf6 2. g3 g6 3. Bg2 Bg7 4. d4 c5 5. d5 d6 6. 0-0 b5 7. c4 a6 8. a4 Bb7 9. axb5 axb5 10. Rxa8 Bxa8 11. Nc3 h5 12. Nxb5 Qa5 13. e4 0-0 14. Nd2 Nbd7 15. f4 Bb7 16. Qe2 Ba6 17. e5 dxe5 18. fxe5 Ne8 19. e6 Bxb5 20. cxb5 Bd4+ 21. Kh1 Ndf6 22. Nb3 Qb6 23. Bh6 Ng7 24. Nxd4 cxd4 25. exf7+ Rxf7 26. Qc4 Nf5 27. Qc8+ 1-0

[Event "BRA-ch sf"]
[Site "Vitoria"]
[Date "2003.09.06"]
[Round "5"]
[White "Da Costa, Anderson Matos"]
[Black "Barbosa, Hugo Costa"]
[Result "0-1"]
[WhiteElo "1816"]
[BlackElo "1943"]
[PlyCount "92"]
[EventDate "2003.09.??"]
[EventType "swiss"]
[EventRounds "7"]
[EventCountry "BRA"]
[SourceTitle "EXT 2006"]
[Source "ChessBase"]
[SourceDate "2005.11.24"]
[SourceVersion "1"]
[SourceVersionDate "2005.11.24"]
[SourceQuality "1"]

1. Nf3 Nf6 2. d4 g6 3. Bf4 Bg7 4. e3 0-0 5. Nbd2 d6 6. Bd3 Nbd7 7. c3 e5 8. Bg3 Qe7 9. dxe5 dxe5 10. e4 Nc5 11. Bc2 Nh5 12. Qe2 Ne6 13. Bh4 f6 14. Bb3 Nhf4 15. Qf1 Rd8 16. Bc4 c6 17. Bg3 Kf8 18. Bxf4 Nxf4 19. 0-0-0 b5 20. Be2 c5 21. h3 c4 22. g3 Nd3+ 23. Bxd3 Rxd3 24. Ne1 Rd7 25. Ng2 Bb7 26. Qe2 Rad8 27. f4 Rd3 28. Nf3 Rxd1+ 29. Rxd1 Rxd1+ 30. Kxd1 exf4 31. Nxf4 Kf7 32. Nd4 Qxe4 33. Qxe4 Bxe4 34. Nfe6 Bh6 35. Nc5 Bg2 36. h4 Bf8 37. Na6 Bd6 38. Nxb5 Bxg3 39. Nd4 Bxh4 40. b4 cxb3 41. axb3 Bg3 42. b4 h5 43. b5 h4 44. Ke2 h3 45. Nf3 g5 46. b6 g4 0-1